[Event "Brasov op"]
[Site "Brasov"]
[Date "2024.07.15"]
[Round "1"]
[White "Hamitevici, Vladimir"]
[Black "Grasu, Denis Gabriel"]
[Result "1-0"]
[WhiteElo "2442"]
[BlackElo "1750"]
[PlyCount "77"]
[EventDate "2024.07.15"]
[EventType "swiss"]
[EventRounds "9"]
[EventCountry "ROU"]
[SourceTitle "CBM 221 Extra"]
[Source "ChessBase"]
[SourceDate "2024.09.30"]
[SourceVersion "1"]
[SourceVersionDate "2024.09.30"]
[SourceQuality "1"]

1. d4 Nf6 2. Bf4 e6 3. e3 d5 4. Nd2 c5 5. c3 cxd4 6. exd4 Bd6 7. Bg3 0-0 8. Ngf3 Nc6 9. Bd3 Qc7 10. Qe2 g6 11. Bxd6 Qxd6 12. Ne5 Nd7 13. f4 f6 14. Nxc6 bxc6 15. 0-0 f5 16. b4 Nf6 17. Nb3 Bd7 18. Qe5 Qxe5 19. dxe5 Ne4 20. Rac1 Rf7 21. g3 Kg7 22. Kg2 h5 23. h4 Re7 24. Rc2 Be8 25. Bxe4 fxe4 26. Kf2 Bd7 27. Ke3 Bc8 28. Rg1 Ba6 29. g4 Rh8 30. Rcg2 hxg4 31. Rxg4 Rh6 32. Nc5 Bc8 33. h5 Rxh5 34. Rxg6+ Kh7 35. Rf6 Rh3+ 36. Kd4 Rh2 37. f5 exf5 38. e6 f4 39. Rf7+ 1-0

[Event "Sebes GP op"]
[Site "Sebes"]
[Date "2023.11.04"]
[Round "1"]
[White "Grasu, Denis Gabriel"]
[Black "Costachi, Mihnea"]
[Result "0-1"]
[WhiteElo "1366"]
[BlackElo "2476"]
[PlyCount "42"]
[EventDate "2023.11.04"]
[EventType "swiss"]
[EventRounds "10"]
[EventCountry "ROU"]
[SourceTitle "CBM 217 Extra"]
[Source "ChessBase"]
[SourceDate "2024.01.31"]
[SourceVersion "1"]
[SourceVersionDate "2024.01.31"]
[SourceQuality "1"]

1. e4 e5 2. f4 Bc5 3. Nf3 d6 4. h3 Nc6 5. Bc4 Nf6 6. d3 0-0 7. fxe5 dxe5 8. Bg5 Na5 9. Bb3 Nxb3 10. axb3 Qd6 11. Nc3 Nh5 12. Bh4 Nf4 13. Kf1 Qg6 14. g4 f5 15. exf5 Bxf5 16. Bf2 Bxg4 17. hxg4 Qxg4 18. Rh2 Nh3 19. Bxc5 Rxf3+ 20. Bf2 Rxf2+ 21. Rxf2 Qg1+ 0-1